| 000 | 00502nam a22001457a 4500 | ||
|---|---|---|---|
| 003 | 0 | ||
| 005 | 20160609172258.0 | ||
| 008 | 130813t xxu||||| |||| 00| 0 eng d | ||
| 040 |
_aBUAC _bFr _cBEPAC |
||
| 100 |
_aASSOGBA, K. Mariène Fridoline _926369 |
||
| 245 |
_aLa foresterie urbaine : les arbres dans les places et jardins publics de la ville de Lokossa _cASSOGBA, K. Mariène Fridoline |
||
| 260 |
_aAbomey-Calavi _bEcole Polytechnique d’Abomey-Calavi _c2007 |
||
| 300 | _a38 p. | ||
| 942 | _cTHE | ||
| 999 |
_c52593 _d52593 |
||